Name All Secretaries of Health and Human Services - Statistics

General Stats
  • This quiz has been taken 2 times
  • The average score is 12 of 20
Answer Stats
Time Served President Home State Secretary % Correct
January 22, 1993 - January 20, 2001 Bill Clinton Wisconsin Donna Shalala
100%
April 28, 2009 - June 9, 2014 Barack Obama Kansas Kathleen Sebelius
100%
March 1, 1989 - January 20, 1993 Ronald Reagan Georgia Louis W. Sullivan
100%
February 13, 2025 - Present Donald Trump California Robert F. Kennedy Jr.
100%
February 2, 2001 - January 26, 2005 George W. Bush Wisconsin Tommy Thompson
100%
January 29, 2018 - January 20, 2021 Donald Trump Indiana Alex Azar
50%
(Acting) January 20, 2009 - April 28, 2009 Barack Obama Utah Charles E. Johnson
50%
(Acting) September 29, 2017 - October 10, 2017 Donald Trump Virginia Don J. Wright
50%
(Acting) January 20, 2025 - February 13, 2025 Donald Trump Pennsylvania Dorothy Fink
50%
(Acting) October 10, 2017 - January 29, 2018 Donald Trump Illinois Eric Hargan
50%
March 10, 1983 - December 13, 1985 Ronald Reagan Massachusetts Margaret Heckler
50%
January 26, 2005 - January 20, 2009 George W. Bush Utah Mike Leavitt
50%
(Acting) January 20, 2017 - February 10, 2017 Donald Trump Florida Norris Cochran
50%
(Acting) January 20, 2021 - March 19, 2021 Joe Biden Florida Norris Cochran
50%
December 13, 1985 - March 1, 1989 Ronald Reagan, George H.W. Bush Indiana Otis Bowen
50%
May 4, 1980 - January 20, 1981 Jimmy Carter District of Columbia Patricia Roberts Harris
50%
January 22, 1981 - February 3, 1983 Ronald Reagan Pennsylvania Richard Schweiker
50%
June 9, 2014 - January 20, 2017 Barack Obama West Virginia Sylvia Mathews Burwell
50%
February 10, 2017 - September 29, 2017 Donald Trump Georgia Tom Price
50%
March 19, 2021 - January 20, 2025 Joe Biden California March 19, 2021
0%
No matching quizzes found
Score Distribution
Percent of People with Each Score
Percentile by Number Answered
Your Score History
You have not taken this quiz